Médallium Yo-Kai Watch 2 (SP inclus) - Statistiques

Statistiques générales
  • Ce quiz a été pris 715 fois
  • Le résultat moyen est 166 sur 448
Statistiques - réponses
Hint Réponse % Correct
135 Jibanyan
87%
1 Woko
81%
142 Komasan
70%
322 Shogunyan
70%
396 | 438 Gargaros
68%
80 Kyubi
68%
144 Komajiro
66%
2 Pagno
66%
13 Fouétar
65%
3 Alfoncéo
64%
320 Octorgone
63%
117 Robonyan
63%
274 | 409 Crocho
62%
397 | 439 Ogralos
62%
167 Granpapéti
61%
136 Épinyan
60%
321 Octorgombre
60%
4 Toumou
60%
24 Feulion
59%
139 Kappacap
59%
118 Oronyan
59%
137 Bandinyan
58%
285 Noko
58%
81 Barakabo
57%
158 Faux Kappa
57%
326 Camaïeul
56%
259 Corniot
56%
325 Déballerine
56%
5 Lamlam'mou
56%
243 | 425 Potofeu
56%
332 Rubinyan
56%
7 Samoussrai
56%
351 Hovernyan
55%
189 Jojojoyeux
55%
95 Loubarbare
55%
12 Zerberker
55%
156 Blizzaria
54%
38 Démophage
54%
334 Diamanyan
54%
331 Émeranyan
54%
405 Lady Perpétua
54%
26 Siro
54%
324 Gorgouille
53%
395 Luminoct
53%
287 Pandanoko
53%
330 Saphinyan
53%
329 Slurpent
53%
53 Toutouïe
53%
328 Cabotin
52%
323 Komashura
52%
265 Lulugubre
52%
340 Pastènyan
52%
151 Pitou
52%
69 Télémir
52%
157 Damona
51%
352 Darknyan
51%
399 Grolos
51%
143 Komaous
51%
145 Komistigri
51%
28 Sabri
51%
6 Samoumouraï
51%
14 Sumochi
51%
199 Tata Câlin
51%
23 Coach Antonic
50%
121 Crapop
50%
19 Heaumer
50%
406 Lady Démona
50%
51 Marra
50%
398 | 440 Orqanos
50%
333 Topanyan
50%
11 Trépigno
50%
232 | 407 Triptyk
50%
21 Âmiral
49%
140 Appak
49%
316 | 411 Carpitaine
49%
160 Maître Nyada
49%
92 Nanpart
49%
336 Oranyan
49%
174 Parasolal
49%
166 Salsalga
49%
132 Cho-cho
48%
152 Choubidou
48%
127 Cigalopin
48%
163 Noripop
48%
168 Puissanfon
48%
8 Ronimpec
48%
10 Rugis
48%
198 Tata Aura
48%
155 Angélik
47%
27 Bonneto
47%
47 Chaipô
47%
65 Dynamo
47%
404 Marge
47%
286 Nénunoko
47%
349 Sailornyan
47%
78 Tengu
47%
25 Vibrilion
47%
282 Arachnus
46%
300 Dracounet
46%
433 Filomène
46%
335 Melonyan
46%
30 Orox
46%
63 Padrézo
46%
327 Savantard
46%
303 Sirénée
46%
70 Triptic-tac
46%
54 Babalance
45%
260 Bicorniot
45%
62 Brumella
45%
97 Frérosse
45%
169 Grainpère
45%
403 Laure
45%
179 Lulutin
45%
15 Mochimacho
45%
71 Nuiroir
45%
29 Padelou
45%
348 Robonyan F
45%
196 Tontonerre
45%
39 Vampéric
45%
165 Wakapoeira
45%
256 Flamente
44%
420 McKraken
44%
96 Racaïd
44%
16 Sale de bain
44%
37 Scarnage
44%
56 Cupistol
43%
153 Satandre
43%
283 Arachnia
42%
146 Baku
42%
238 Dente
42%
49 Gagalurin
42%
122 Geeko
42%
141 Kappaloha
42%
359 Ronéan
42%
9 Roupilion
42%
61 Brumette
41%
20 Bushidos
41%
130 Chihuaglagla
41%
233 Dracunyan
41%
202 Égaroni
41%
448 Extrabuki
41%
98 Hauber
41%
159 Kappadissi
41%
339 Maranyan
41%
93 Passpa
41%
35 Scatcheur
41%
32 B3-NK1
40%
22 Bouh
40%
302 Dragô
40%
354 Jetnyan
40%
244 Malmidal
40%
55 Mémétal
40%
236 Timidémon
40%
338 Vigninyan
40%
31 Benkei
39%
86 Darumastar
39%
64 Émettor
39%
279 Éterna
39%
94 Granpart
39%
353 Jibakoma
39%
185 Métaureaulog
39%
119 Misterre
39%
304 Sirènité
39%
17 Agonigiri
38%
138 Buchinyan
38%
85 Darabajoie
38%
418 Dr. Jobard
38%
362 Fumella
38%
355 Injustin
38%
280 Insomnelle
38%
391 Jibanyan S
38%
278 Jouvencia
38%
337 Kiwinyan
38%
400 Meganyan
38%
197 Omnitonton
38%
188 Sabrille
38%
301 Sire Dragon
38%
128 Cigaillard
37%
129 Cigazouille
37%
356 Fielippine
37%
392 Komasan S
37%
200 Kyryn
37%
214 Marcognito
37%
48 Mémogre
37%
215 Ninjamévu
37%
203 Onisoi
37%
50 Ovide
37%
36 Scarmouche
37%
52 Violette
37%
134 Yokœil
37%
105 Antonnerre
36%
113 Castelius Max
36%
114 Coléroptère
36%
109 Etna Magma
36%
360 Gale de bain
36%
87 Goruma
36%
72 Hiblusion
36%
246 Humidon
36%
108 Lama Laya
36%
58 Nonjuan
36%
394 Obskyurbi
36%
413 Ombraptor
36%
18 Onigirix
36%
190 Paradoxa
36%
218 Ragioni
36%
120 Ressak
36%
149 Sabruine
36%
217 Suspicioni
36%
148 Tapur
36%
229 Tengubre
36%
79 Tengurou
36%
184 Vitapillon
36%
347 Boucanyan
35%
112 Castelius I
35%
111 Castelius II
35%
110 Castelius III
35%
261 Cerbébert
35%
357 Cyrustre
35%
75 Espi
35%
363 Fou Kappa
35%
180 Grégrigry
35%
358 Maudicko
35%
306 Mlle Coucou
35%
42 Morvobec
35%
170 Papilla
35%
410 Porcinator
35%
342 Robokoma
35%
204 Tortico
35%
164 Algacarena
34%
147 Bakuku
34%
401 Barbefrousse
34%
237 Belzel
34%
251 Chiperpiou
34%
57 Donjouant
34%
408 Hydreux
34%
393 Komajiro S
34%
201 Kyrycorne
34%
242 Maltesse
34%
350 Maskonyan
34%
272 Ornella
34%
102 Pachycoul
34%
344 Robocorniot
34%
345 Robonoko
34%
186 Tauracle
34%
150 Vito
34%
258 Volatriste
34%
434 Blingos
33%
277 Cenridion
33%
220 Chauvekipeut
33%
183 Hyprapillon
33%
104 Pachypipi
33%
181 Papiltation
33%
182 Papiltension
33%
343 Robopapéti
33%
126 Squelèbelle
33%
59 Trodésolé
33%
257 Volibrius
33%
100 Boulapic
32%
91 Charivari
32%
82 Chymère
32%
83 Chyper
32%
219 Contrarioni
32%
309 Croquin
32%
74 Hibourling
32%
34 Kapunki
32%
171 Mme Papilla
32%
211 Nihilistik
32%
124 Squarlett
32%
412 Styx VI
32%
205 Tendino
32%
307 Bababou
31%
230 Bibliotengu
31%
194 Dédé
31%
90 Égare-dare
31%
250 Hémorhino
31%
66 Maître Oden
31%
366 Métaréaulog
31%
239 Millyeux
31%
281 Morféa
31%
216 Nihilo
31%
44 Papa Ress
31%
106 Parantonn
31%
270 Pégaz
31%
262 Poilux
31%
305 Sireine-mère
31%
33 Sushiyama
31%
241 Vénaldo
31%
314 Bananar
30%
266 Blablara
30%
435 Bogos
30%
221 Chauv'coucou
30%
116 Corniaque
30%
76 Étassivilia
30%
131 Froahuahua
30%
73 Hibrouille
30%
88 Jalouseriz
30%
125 Margoth
30%
43 Matchou
30%
369 Mlle Courroux
30%
40 Pleurapluie
30%
263 Poil-Émile
30%
240 Précyeux
30%
115 Rhinolimit
30%
341 Robocap
30%
346 Robodracou
30%
415 Sabroclair
30%
175 Scarasol
30%
299 Scolérique
30%
231 Snobéa
30%
318 Vipérâle
30%
101 Bouldacier
29%
195 Dédestin
29%
247 Délujien
29%
245 Écchinose
29%
212 Émousstik
29%
248 Fryzeur
29%
41 Gastong
29%
310 Inisquale
29%
253 Pioubidou
29%
296 Yvantouse
29%
161 Amoiz
28%
311 Claquille
28%
297 Ed Mémoire
28%
172 Felipaix
28%
123 Gambeth
28%
249 Kongel
28%
293 Murhaine
28%
414 Nébulor
28%
234 Nimpégase
28%
364 Pariasolal
28%
103 Persévéfant
28%
162 Pikor
28%
191 Potaumorose
28%
419 Pr. Létripe
28%
45 Ralbouc
28%
273 Sornella
28%
308 Tourneboul
28%
267 Umilie
28%
295 Vexturgeon
28%
423 Volteface
28%
290 Anghihihille
27%
227 Comte Zapzap
27%
206 Contracto
27%
89 Fanfanfaron
27%
365 Fatalutin
27%
99 Humainequin
27%
313 Jacquasseur
27%
432 Lady Maggie
27%
288 Maudieuse
27%
291 Méroubadour
27%
176 Nomoné
27%
60 Pardomino
27%
84 Potache
27%
422 Rancornet
27%
402 Tourbœillon
27%
222 Vampiloc
27%
207 Couchtar
26%
424 Didgeai
26%
315 Draconfus
26%
213 Grattoptère
26%
417 Inamygal
26%
442 Komak
26%
386 Lacanne
26%
361 Mabouhl
26%
228 Raltesse
26%
252 Rapiaf
26%
368 Sinisrénée
26%
390 Ultramax K
26%
389 Ultramax N
26%
77 Valetino
26%
46 Bastata
25%
426 Firmain
25%
416 Hagacurée
25%
441 Jiganyan
25%
271 Méphito
25%
67 Mythovni
25%
264 Non-non
25%
133 Traviolette
25%
317 Vipètesec
25%
68 Apélicain
24%
210 Carnanova
24%
447 Chomino
24%
223 Gloups
24%
235 Hennimi
24%
431 Maribass
24%
430 Mariotte
24%
173 M. Felipaix
24%
388 Narinos
24%
178 Noproblemo
24%
375 Panja-san
24%
374 Petit panja
24%
367 Poulux
24%
298 Scoltine
24%
107 Suinthan
24%
319 Vipairflay
24%
226 Amédélègue
23%
380 Avallée
23%
387 Canastelle
23%
312 Cocpille
23%
187 Don-chan
23%
225 Hâtila
23%
209 Herbert
23%
370 Mélobê
23%
294 Saumhonni
23%
193 Supernoël
23%
276 Flopito
22%
446 Infiniris
22%
177 Ivanupieds
22%
381 Mont merci
22%
268 Pépésbrouf
22%
154 Timours
22%
292 Urnaconda
22%
254 Zikafon
22%
269 Adolfo Jeton
21%
444 Ambronzio
21%
284 Crampaud
21%
443 Domniscian
21%
208 Noctambill
21%
192 Ratatam
21%
428 Taprice
21%
289 Jérémya
20%
275 Misterbide
20%
384 Pfffuji
20%
378 Poulpatouch
20%
445 Thénuki
20%
429 Barbebluff
19%
385 Krakatouaaah
19%
427 Tromplœil
19%
255 Babarouf
18%
377 Barrakéda
18%
436 Maximain
18%
379 Poulpater
18%
376 Samuren
18%
373 Verrascible
18%
372 Bon-huiii
17%
224 Chip-Chope
17%
437 Cycloptique
16%
371 Geigneau
16%
382 Sumodon
16%
383 Soupotori
15%
421 McKraken (v2)
7%
Aucun quiz correspondant
Distribution des résultats
% des personnes avec chaque résultat
Percentile par nombre de réponses
Votre historique - résultats
Vous n’avez pas pris ce quiz